Statistics for MLB's 10 Most Memorable Events

Click here to take the quiz!

General Stats

  • This quiz has been taken 3,077 times
    (3,074 since last reset)
  • The average score is 9 of 10

Answer Stats

RankYearHintPlayer% Correct
31947 First African American major leaguerJackie Robinson
98%
21974 Broke Babe Ruth's all time home run recordHank Aaron
95%
11995 Broke Lou Gehrig's streak of consecutive games playedCal Ripken
93%
61985 Passes Ty Cobb for all time hitsPete Rose
90%
101991 Pitched 7th career no hitterNolan Ryan
90%
51939 He retires with his “luckiest man” speechLou Gehrig
88%
81941 Hit in 56 straight games Joe DiMaggio
87%
71941 He hit over .400 in a seasonTed Williams
83%
91988 His home run sent the Dodgers on their way to a World Series upsetKirk Gibson
76%
41998 Both Mark McGwire & Sammy Sosa broke his single season
home run record
Roger Maris
73%

Score Distribution

Percentile by Number Answered

Percent of People with Each Score

Your Score History

You have not taken this quiz since the last reset